LEADER 00868nam a2200205 i 4500 001 000000188799 003 CaOOAMICUS 005 20100422000000.0 008 100422s1916 it u000 u ita u 013 $a167033 040 $aSeMil$bita 245 13$aLo Stabat Mater e i pianeti della Vergine nella lirica del Medio Evo /$cRicerche e studi di Filippo Ermini. 260 $aCittą di Castello :$bS. Lapi,$c1916. 300 $a152 p. ;$c24 cm. 500 $aIn allegato : Dedica autografa dell'Autore. 700 1 $aErmini, Filippo.$0(OLS)http://semarc/name/51300 850 $aSeMil 852 $aSeMil$W1$xVenegono$y1$m2T V 8$j139436$B139436$CSeMilBibl$Z2$F151064 $81 996 $6245$aLo Stabat Mater e i pianeti della Vergine nella lirica del Medio Evo$9(OLS)http://semarc/title/271775 996 $6260$aCittą di Castello :$bS. Lapi$9(OLS)http://semarc/publisher/30070 LEADER 01132nam a2200253 i 4500 001 000000071898 003 CaOOAMICUS 005 20090128000000.0 008 090128s1950 it u000 u ita u 013 $a43070 040 $aSeMil$bita 100 1 $aOlgiati, Francesco,$c.$0(OLS)http://semarc/name/2236 245 13$aIl concetto di giuridicitą nella scienza moderna del diritto /$cFrancesco Olgiati. 250 $a2. ed. 260 $aMilano :$bVita e Pensiero :$bTip. A. Cordani,$c1950. 300 $aXVII, 523 p. ;$c24 cm. 650 4$aDiritto .$0(OLS)http://semarc/subject/1510 650 4$aDiritto e societą.$0(OLS)http://semarc/subject/14447 650 4$aDiritto e Stato.$0(OLS)http://semarc/subject/14448 650 4$aStato e diritto.$0(OLS)http://semarc/subject/14449 850 $aSeMil 852 $aSeMil$W1$xVenegono$y1$m2P V 122$j38051$B38051$CSeMilBibl$Z2$F38054 $81 996 $6245$aIl concetto di giuridicitą nella scienza moderna del diritto$9(OLS)http://semarc/title/115764 996 $6260$aMilano :$bVita e Pensiero :$bTip. A. Cordani$9(OLS)http://semarc/publisher/42983